000 01033nam a22003257a 4500
001 BR0301350
003 BR-BrBNA
005 20230928101243.0
007 ta
008 230509b bl.||||| |||| 00| 0 por d
040 _aBR-BrBNA
_bpor
_cBiblioteca Nacional de Agricultura
041 _a(Por)
072 _aQ03
_b8891
_b8810
_b9707
_b4110
090 _ 8891 BR0301350
100 1 _aSarkis, F.
110 1 _aEscola Superior de Agricultura Luiz de Queiroz, Piracicaba, SP (Brasil)
_0Tese (Mestre em Ciências)
245 1 _aAvaliação das condições microbiológicas de carnes de animais silvestres no município de São Paulo
260 3 _aPiracicaba, SP (Brasil):
_c2002.
300 _a70 p.
500 _aSummaries (Eng, Por); Bibliography p. 61-70; 8 tables; 14 illus.
650 _aPORCO SELVAGEM
650 _aCAPIVARA
650 _aJAVALI
650 _aCARNE
650 _aSALMONELOSE
650 _aMICROBIOLOGIA DE ALIMENTO
650 _aSÃO PAULO
909 _a202309
_bLucia
_c55
_dLucia Elande
942 _cBK
999 _c64938
_d64938